Recursos naturales en Centroamérica, hoy. Volumen II

Uloženo v:
Podrobná bibliografie
Korporativní autor: CSUCA. Programa Centroamericano de Desarrollo Científico y Tecnológico
Médium: Neznámo
Vydáno: San José: CSUCA
Témata:
Tagy: Přidat tag
Žádné tagy, Buďte první, kdo vytvoří štítek k tomuto záznamu!

MARC

LEADER 00000 a2200000 04500
001 14784
003
008 991231s d
040 |a CRAI/IIS  |c CRAI/IIS 
090 |a 017806  
110 |a CSUCA. Programa Centroamericano de Desarrollo Científico y Tecnológico  
245 |a Recursos naturales en Centroamérica, hoy. Volumen II  
260 |a San José:   |b CSUCA  
300 |a 140 p  
650 |a CONSERVACION DE RECURSOS  
999 |c 15392  |d 15392